01285 2200433 4500001002100000005001500021035002000036007000300056008004100059020002200100082001500122084001700137090002200154100004000176245007200216300003800288850001200326504002900338264003400367336002100401337003000422338002300452999002200475040002200497250002600519650003100545041001300576546005600589990002200645990002000667990002200687990002000709990002000729990002000749990002000769990002200789990002000811990002000831INLIS00000000087873920230613085657 a0010-0523000616ta230524s2023 a g ind  a978-623-357-067-104223a495.78 a495.78 SET a aCB-D.11 2023-04190 aSetiawan Agung PamungkasePengarang10aAutodidak cas cis cus jago bahasa Korea /cSetiawan Agung Pamungkas aiv, 268 halaman :btabel ;c19 cm aYOPDYOG aBibliografi: halaman 26631aSleman :bC-Klik Media,c2023 2rdacontentateks 2rdamediaatanpa perantara 2rdacarrieravolume aCB-D.11/2023-0419 aYOPDYOGbindcrda aCetakan pertama, 2023 4aBahasa Korea--xPercakapan aindgkor ateks terdiri dari bahasa indonesia dan bahasa korea aCB-D.11/2023-0418 a70757-PD/A.2023 aCB-D.11/2023-0419 a70757-PD/A.2023 a72059-PD/A.2024 a72060-PD/A.2024 a72059-PD/A.2024 aCB-D.11/2023-0419 a70757-PD/A.2023 a72060-PD/A.2024